Assyria to Iberia : art and culture in the Iron Age /
مؤلف مشترك:
مؤلفون آخرون: ,
التنسيق: وقائع المؤتمر كتاب
اللغة: English
منشور في:
New York :
The Metropolitan Museum of Art,
[2016]
سلاسل:
Metropolitan Museum of Art symposia.
الموضوعات:
الوسوم: إضافة وسم
رقم الطلب: N5335 .N4 M488 2016
| LEADER | 02005cam a2200433 i 4500 | ||
|---|---|---|---|
| 001 | 19178440 | ||
| 003 | OSt | ||
| 005 | 20220303102717.0 | ||
| 008 | 160715s2016 nyuab b 100 0 eng c | ||
| 952 | |0 0 |1 0 |2 lcc |4 0 |6 N5335 N4 M488 |7 1 |9 38096 |a ARCE |b ARCE |d 2022-03-03 |l 0 |o N5335 .N4 M488 |r 2022-03-03 00:00:00 |w 2022-03-03 |y BK | ||
| 999 | |c 46097 |d 46097 | ||
| 010 | |a 2016032787 | ||
| 020 | |a 9781588396068 (Metropolitan Museum of Art) | ||
| 040 | |a FXM/DLC |b eng |e rda |c FXM |d DLC | ||
| 042 | |a pcc | ||
| 050 | 0 | 0 | |a N5335 .N4 |b M488 2016 |
| 082 | 0 | 0 | |a 700.930740747 |2 23 |
| 111 | 2 | |a Assyria to Iberia at the Dawn of the Classical Age (Conference) |d (2014 : |c New York, N.Y.), |j author. | |
| 245 | 1 | 0 | |a Assyria to Iberia : |b art and culture in the Iron Age / |c edited by Joan Aruz and Michael Seymour. |
| 264 | 1 | |a New York : |b The Metropolitan Museum of Art, |c [2016] | |
| 264 | 2 | |a New Haven ; |a London : |b Distributed by Yale University Press | |
| 300 | |a ix, 360 pages : |b illustrations, maps ; |c 26 cm | ||
| 336 | |a text |2 rdacontent | ||
| 336 | |a still image |b sti |2 rdacontent | ||
| 337 | |a unmediated |2 rdamedia | ||
| 338 | |a volume |2 rdacarrier | ||
| 490 | 1 | |a Metropolitan Museum of Art symposia | |
| 500 | |a "The essays in this volume are based on papers and lectures presented in conjunction with the exhibition "Assyria to Iberia at the Dawn of the Classical Age" on view at The Metropolitan Museum of Art, New York, from September 27, 2014, through January 4, 2015"--Colophon. | ||
| 504 | |a Includes bibliographical references. | ||
| 650 | 0 | |a Art, Ancient |v Congresses. | |
| 650 | 0 | |a Iron age |v Congresses. | |
| 700 | 1 | |a Aruz, Joan, |e editor. | |
| 700 | 1 | |a Seymour, Michael |q (Michael John), |e editor. | |
| 710 | 2 | |a Metropolitan Museum of Art (New York, N.Y.), |e host institution, |e issuing body. | |
| 830 | 0 | |a Metropolitan Museum of Art symposia. | |
| 901 | |a reviewed | ||
| 906 | |a 7 |b cbc |c orignew |d 1 |e ecip |f 20 |g y-gencatlg | ||
| 942 | |2 lcc |c BK | ||
| 955 | |a NNFr |a xn05 2017-04-20 1 copy rec'd., to CIP ver. | ||
